00694nas a2200217Ia 4500001001100000003000900011008004100020040001300061040001300074041001300087100004700100210001700147222001700164245008300181250001100264260003600275501008600311300001700397362002600414650003600440R019/42796IT-RoPAU151124c99999999xx |||||||||||| ||und|| aIT-RoPAU cIT-RoPAU aITALIANO aRondolino GiannigCodice Aut. SPICS: 1908 aFILM SPECIAL aFilm Special aFILM SPECIAL, N.1-1970 (CON DISCO)bRealismo E Astrattismo Del Disegno Animato a1a ed. aMILANObL'UFFICIO MODERNOc1970 bPaulus - SPICS - Società San Paolo EM (non-commercial uses only)cCopyright2015 a4 p. [25-28] aN.1-1970 (CON. DISCO) aCINEMAvPUBBLICAZIONE PERIODICA